| 000 | 00510nam a22001817a 4500 | ||
|---|---|---|---|
| 003 | OSt | ||
| 005 | 20140310182456.0 | ||
| 008 | 130806t xxu||||| |||| 00| 0 eng d | ||
| 020 | _a9781574392791 | ||
| 050 |
_aRM 302 _b.H251 2007 |
||
| 100 |
_aHansten, Philip _98424 |
||
| 245 | _aDrug interactions analysis and management 2007 / | ||
| 260 |
_aSt. Louis, Missouri : _bWolters Kluwer Health, Inc., _cc2007. |
||
| 300 |
_a1588 p. : _c23 cm. |
||
| 650 |
_aDrugs _98597 |
||
| 942 |
_2lcc _cSSLC |
||
| 999 |
_c13742 _d13742 |
||